Quiz sur les Jeux Olympiques (Niveau 3) - Statistiques

Statistiques générales
  • Ce quiz a été pris 93 fois
  • Le résultat moyen est 5 sur 15
Statistiques - réponses
Question Réponse % Correct
Etat des Etats-Unis dans lequel se situe la ville hôte des JO 2002. Utah
69%
Acteur britannique qui intervient de manière comique lors d'une performance de l'orchestre symphonique de Londres lors de la cérémonie d'ouverture des JO 2012. Rowan Atkinson
61%
Pays dominant le tableau des médailles en tir à l'arc depuis son introduction en 1972. Corée du Sud
60%
Cette ville suisse, hôte des Jeux Olympiques d'hiver de la jeunesse, en 2020 est également le siège du CIO. Lausanne
53%
Ville francilienne dans laquelle se sont déroulées les épreuves d'athlétisme des JO 1924. Colombes
40%
Quel sport pratique Cate Campbell, porte-drapeau de la délégation australienne aux JO 2021 avec le basketteur Patty Mills. Natation
33%
Avant même le début de la compétition, aux JO 2010, un lugeur de ce pays décède lors d'une descente d'entraînement. Géorgie
31%
Sport opposant deux équipes, au programme olympique en continu entre 1900 et 1920. Tir à la corde
27%
Dernière française en date, au 22 juillet 2021, médaillée olympique au lancer du marteau. Manuela Montebrun
20%
Sauteuse à ski française, médaillée de bronze en 2014 lors de l'introduction du saut à skis féminin au programme olympique. Coline Mattel
15%
Taëkwondiste française, médaillée de bronze en -67kg aux JO 2008. Gwladys Epangue
15%
Quel adjectif qualifiait les coureurs de fond finlandais durant l'Entre-deux-Guerres ? Volants
14%
Ville-hôte des premiers Jeux Olympiques d'été de la jeunesse. Singapour
12%
Compétition sportive, qui se déroulera en 2022 à Birmingham, fonctionnant sur le principe des JO à la différence qu'elle met en évidence des disciplines et des sports qui ne sont pas olympiques. Jeux Mondiaux
11%
Athlète française, médaillée d'or paralympique du 400m T13 aux Jeux de Rio en 2016. Nantenin Keita
7%
Aucun quiz correspondant
Distribution des résultats
% des personnes avec chaque résultat
Percentile par nombre de réponses
Votre historique - résultats
Vous n’avez pas pris ce quiz